[Event "MT-Serial - Step 3, FINAL"]
[Site "SchemingMind.com"]
[Date "2007.03.27"]
[Round "-"]
[White "chesshub"]
[Black "Chess Tiger"]
[Result "1/2-1/2"]
[WhiteCountry "FRA"]
[BlackCountry "GER"]
[WhiteElo "2335"]
[WhiteRD "73"]
[BlackElo "2339"]
[BlackRD "66"]
[GameID "97629"]

1. c4 Nf6 2. Nf3 e6 3. d4 b6 4. a3 Bb7 5. Nc3 d5 6. cxd5 Nxd5 7. Qc2 Nxc3 8. bxc3 c5 9. e4 Nd7 10. Bf4 cxd4
11. cxd4 Rc8 12. Qb1 Be7 13. Bd3 O-O 14. O-O Rc3 15. Rd1 Qa8 16. Ne5 Nxe5 17. Bxe5 f6 18. Bg3 Rd8 19. Bc2 Qc8 20. Bb3 Bxe4
21. Qxe4 Rxb3 22. Rac1 Rc3 23. Rxc3 Qxc3 24. Qxe6+ Kf8 25. d5 Bxa3 26. Qf5 Qb3 27. Qh5 g6 28. Qh6+ Kg8 29. Qd2 Bd6 30. Bxd6 Rxd6
31. h4 Qa4 32. h5 gxh5 33. Re1 Qd7 34. Qf4 Rxd5 35. Qxf6 Rf5 36. Qb2 h6 37. Qb3+ Kg7 38. Rd1 Qc7=
1/2-1/2

[Event "MT-Serial - Step 3, FINAL"]
[Site "SchemingMind.com"]
[Date "2007.03.27"]
[Round "-"]
[White "Chess Tiger"]
[Black "chesshub"]
[Result "1/2-1/2"]
[WhiteCountry "GER"]
[BlackCountry "FRA"]
[WhiteElo "2304"]
[WhiteRD "66"]
[BlackElo "2345"]
[BlackRD "72"]
[GameID "97630"]

1. d4 Nf6 2. c4 e6 3. Nf3 b6 4. a3 Bb7 5. Nc3 d5 6. cxd5 Nxd5 7. Qc2 Nxc3 8. bxc3 Be7 9. e4 O-O 10. Bd3 c5
11. O-O Qc8 12. Qe2 Ba6 13. Rd1 Bxd3 14. Rxd3 Nd7 15. e5 cxd4 16. cxd4 Qc4 17. Bg5 Bd8 18. Rad1 b5 19. Bxd8 Raxd8 20. Ng5 f5
21. d5 Nc5 22. Nxe6 Rxd5 23. Nxc5 Rxc5 24. Qe1 Re8 25. Rd8 Kf7 26. Rxe8=
1/2-1/2

[Event "MT-Serial - Step 3, FINAL"]
[Site "SchemingMind.com"]
[Date "2007.03.27"]
[Round "-"]
[White "fer_even"]
[Black "Chess Tiger"]
[Result "1/2-1/2"]
[WhiteCountry "ARG"]
[BlackCountry "GER"]
[WhiteElo "2357"]
[WhiteRD "82"]
[BlackElo "2312"]
[BlackRD "65"]
[GameID "97641"]

1. d4 d5 2. c4 c6 3. Nf3 Nf6 4. Nc3 e6 5. e3 Nbd7 6. Qc2 Bd6 7. Bd3 O-O 8. O-O dxc4 9. Bxc4 b5 10. Be2 Bb7
11. Rd1 Qc7 12. Bd2 Rfe8 13. Rac1 a6 14. e4 c5 15. e5 cxd4 16. exd6 Qxd6 17. Nb1 Rac8 18. Qb3=
1/2-1/2

[Event "MT-Serial - Step 3, FINAL"]
[Site "SchemingMind.com"]
[Date "2007.03.27"]
[Round "-"]
[White "fer_even"]
[Black "chesshub"]
[Result "1-0"]
[WhiteCountry "ARG"]
[BlackCountry "FRA"]
[WhiteElo "2393"]
[WhiteRD "80"]
[BlackElo "2345"]
[BlackRD "72"]
[GameID "97642"]

1. d4 Nf6 2. c4 e6 3. Nc3 Bb4 4. e3 O-O 5. Bd3 d5 6. Nf3 c5 7. O-O Nc6 8. a3 Bxc3 9. bxc3 Qc7 10. Bb2 dxc4
11. Bxc4 e5 12. h3 Bf5 13. Bb5 e4 14. Nh4 Be6 15. c4 cxd4 16. exd4 a6 17. d5 axb5 18. Bxf6 gxf6 19. dxe6 bxc4 20. Qg4+ Kh8
21. Qxe4 Ne5 22. Rab1 b6 23. f4 Nd3 24. e7 Qc5+ 25. Kh2 Rfe8 26. Rf3 Rxa3 27. Nf5 Ra7 28. Rg3 h5 29. Rxb6 Ra1 30. Rxd3 Qg1+
31. Kg3 cxd3 32. Rb8
1-0

[Event "MT-Serial - Step 3, FINAL"]
[Site "SchemingMind.com"]
[Date "2007.03.27"]
[Round "-"]
[White "Chess Tiger"]
[Black "fer_even"]
[Result "1/2-1/2"]
[WhiteCountry "GER"]
[BlackCountry "ARG"]
[WhiteElo "2312"]
[WhiteRD "65"]
[BlackElo "2357"]
[BlackRD "82"]
[GameID "97643"]

1. d4 Nf6 2. Nf3 d5 3. e3 g6 4. b4 Bg7 5. Bb2 O-O 6. c4 b6 7. Nc3 c5 8. dxc5 bxc5 9. Nxd5 Nxd5 10. Bxg7 Nxe3
11. fxe3 Kxg7 12. b5 Qxd1+ 13. Rxd1 a6 14. Ra1 axb5 15. cxb5 Ra4 16. Bd3 c4=
1/2-1/2

[Event "MT-Serial - Step 3, FINAL"]
[Site "SchemingMind.com"]
[Date "2007.03.27"]
[Round "-"]
[White "chesshub"]
[Black "fer_even"]
[Result "1/2-1/2"]
[WhiteCountry "FRA"]
[BlackCountry "ARG"]
[WhiteElo "2345"]
[WhiteRD "72"]
[BlackElo "2393"]
[BlackRD "80"]
[GameID "97644"]

1. c4 e5 2. g3 Nf6 3. Bg2 d5 4. cxd5 Nxd5 5. Nc3 Nb6 6. Nf3 Nc6 7. O-O Be7 8. a3 O-O 9. b4 Be6 10. d3 a5
11. b5 Nd4 12. Nd2 c6 13. bxc6 Nxc6 14. Rb1 a4 15. Bxc6 bxc6 16. Qc2 f6 17. Rd1 Bf7 18. Rf1 Qc7 19. Nb5 Qb7 20. Nc3 Qa6
21. Bb2 Rfd8 22. Nd1 Nd5 23. Rc1 c5 24. Rb1 Rab8 25. Re1 Be6 26. h4 Bf7 27. Bc1 Nc7 28. Nc3 Rxb1 29. Qxb1 c4 30. dxc4 Bxc4=
1/2-1/2

[Event "MT-Serial - Step 3, FINAL"]
[Site "SchemingMind.com"]
[Date "2007.03.27"]
[Round "-"]
[White "Ilang"]
[Black "Chess Tiger"]
[Result "1/2-1/2"]
[WhiteCountry "HUN"]
[BlackCountry "GER"]
[WhiteElo "2209"]
[WhiteRD "69"]
[BlackElo "2358"]
[BlackRD "66"]
[GameID "97648"]

1. e4 c5 2. c3 d5 3. exd5 Qxd5 4. Nf3 Nf6 5. Na3 e6 6. d4 cxd4 7. Nb5 Na6 8. Qxd4 Bc5 9. Qxd5 Nxd5 10. a3 Nac7
11. Nxc7+ Nxc7 12. Bd3 Bd7 13. Ke2 O-O-O 14. Be3 Bxe3 15. fxe3 f6 16. Rhd1 e5 17. Bc2 Bb5+ 18. Kf2=
1/2-1/2

[Event "MT-Serial - Step 3, FINAL"]
[Site "SchemingMind.com"]
[Date "2007.03.27"]
[Round "-"]
[White "Ilang"]
[Black "fer_even"]
[Result "0-1"]
[WhiteCountry "HUN"]
[BlackCountry "ARG"]
[WhiteElo "2210"]
[WhiteRD "71"]
[BlackElo "2393"]
[BlackRD "80"]
[GameID "97649"]

1. e4 c5 2. c3 Nf6 3. e5 Nd5 4. Nf3 Nc6 5. Bc4 Nb6 6. Be2 g6 7. d4 cxd4 8. cxd4 Bg7 9. Nc3 O-O 10. Bf4 d6
11. exd6 exd6 12. Bg5 f6 13. Be3 d5 14. a4 Bf5 15. O-O Nc4 16. Bxc4 dxc4 17. d5 Ne5 18. Nd4 Bd7 19. Nce2 Rc8 20. Nf4 Re8
21. Nde6 Qa5 22. Qd4 Bh8 23. Bd2 Qb6 24. Qxb6 axb6 25. h4= h6 26. Nd4 g5 27. Nfe6 Nd3 28. a5 f5 29. Bc3 Bxd4 30. Nxd4 b5
31. Nc2 Re2 32. Nd4 Re5 33. Nc6 bxc6 34. Bxe5 Nxe5 35. Rfe1 Ng6 36. h5 Nf4 37. Re7 Rd8 38. d6 Nd5 39. Rd1 b4 40. a6 c3
41. bxc3 bxc3 42. Ree1 Ra8 43. Ra1 Kf7 44. a7 Kf6 45. Kf1 c5 46. Ke2 Nb4 47. Kd1 c2+ 48. Kd2 Bc6 49. Re3 g4 50. Kc1 Rd8
51. Re2 Bxg2 52. Rd2 f4 53. Kb2 Ba8 54. Rg1 Kf5 55. d7 Be4 56. Rf1 Nc6 57. Re2 Nd4 58. Ree1 c4 59. Ra1 f3
0-1

[Event "MT-Serial - Step 3, FINAL"]
[Site "SchemingMind.com"]
[Date "2007.03.22"]
[Round "-"]
[White "Ilang"]
[Black "chesshub"]
[Result "1/2-1/2"]
[WhiteCountry "HUN"]
[BlackCountry "FRA"]
[WhiteElo "2225"]
[WhiteRD "68"]
[BlackElo "2349"]
[BlackRD "71"]
[GameID "97650"]

1. e4 e5 2. Nf3 Nf6 3. Nxe5 d6 4. Nf3 Nxe4 5. d4 d5 6. Bd3 Nc6 7. O-O Be7 8. c4 Nb4 9. Be2 O-O 10. a3 Nc6
11. cxd5 Qxd5 12. Nc3 Nxc3 13. bxc3 Bf5 14. Re1 Rfe8 15. Be3 Bf6 16. Nd2 Rad8 17. Bc4 Qd7 18. Nb3 Be7 19. Bf4 Bf8 20. Qf3= Be6
21. Bxe6 Rxe6 22. Rxe6 Qxe6 23. Nd2 Qd7 24. h4 Re8 25. h5 h6 26. Nc4 b5 27. Ne3 Na5 28. Rd1 c6 29. d5 a6 30. d6 Re6
31. Qg4 Nc4 32. Kh2=
1/2-1/2

[Event "MT-Serial - Step 3, FINAL"]
[Site "SchemingMind.com"]
[Date "2007.03.23"]
[Round "-"]
[White "Chess Tiger"]
[Black "Ilang"]
[Result "1/2-1/2"]
[WhiteCountry "GER"]
[BlackCountry "HUN"]
[WhiteElo "2312"]
[WhiteRD "65"]
[BlackElo "2225"]
[BlackRD "68"]
[GameID "97651"]

1. e4 e5 2. Nf3 Nc6 3. Bb5 a6 4. Ba4 Nf6 5. O-O Be7 6. Re1 b5 7. Bb3 d6 8. c3 O-O 9. h3 Bb7 10. d4 Re8
11. Ng5 Rf8 12. Nf3 Re8 13. Nbd2 Bf8 14. d5 Nb8 15. Nf1 Nbd7 16. N3h2 Nc5 17. Bc2 c6 18. b4 Ncd7 19. dxc6 Bxc6 20. Bg5 h6
21. Bxf6 Nxf6 22. Ng4 Nxg4 23. Qxg4 Qd7= 24. Qg3 a5 25. bxa5 Qb7 26. Qg4 Re6 27. Ng3 Rg6 28. Qe2 Rxa5 29. Bb3 Bd7 30. Qd3 Qc8
31. Rad1 Be6 32. Re3 Bc4 33. Bxc4 bxc4 34. Qb1 Qa8 35. Re2=
1/2-1/2

[Event "MT-Serial - Step 3, FINAL"]
[Site "SchemingMind.com"]
[Date "2007.03.27"]
[Round "-"]
[White "fer_even"]
[Black "Ilang"]
[Result "1-0"]
[WhiteCountry "ARG"]
[BlackCountry "HUN"]
[WhiteElo "2357"]
[WhiteRD "82"]
[BlackElo "2225"]
[BlackRD "68"]
[GameID "97652"]

1. d4 d5 2. c4 c6 3. Nf3 Nf6 4. Nc3 e6 5. e3 Nbd7 6. Qc2 Bd6 7. b3 O-O 8. Be2 b6 9. Bb2 Bb7 10. O-O Qe7
11. Rad1 Rfe8 12. Qb1 Rac8 13. Rfe1 Bb4 14. Qc2 Ne4= 15. Nxe4 dxe4 16. Nd2 f5 17. f3 exf3 18. Bxf3 Nf6 19. Re2 g5 20. g3 Rf8
21. Rf1 Rcd8 22. e4 Bxd2 23. Qxd2 Nxe4 24. Bxe4 fxe4 25. Rxf8+ Rxf8 26. Rxe4 h6 27. Qe2 Bc8 28. h4 Qc7= 29. Kg2 Qh7 30. Bc3 Bd7
31. Bd2 c5 32. hxg5 hxg5 33. Rg4 cxd4 34. Rxg5+ Kf7 35. Qf3+ Ke8 36. Qa8+ Kf7 37. Qb7 Ke8 38. Rg4 Qd3 39. Qa8+
1-0

[Event "MT-Serial - Step 3, FINAL"]
[Site "SchemingMind.com"]
[Date "2007.03.22"]
[Round "-"]
[White "chesshub"]
[Black "Ilang"]
[Result "1-0"]
[WhiteCountry "FRA"]
[BlackCountry "HUN"]
[WhiteElo "2345"]
[WhiteRD "72"]
[BlackElo "2210"]
[BlackRD "71"]
[GameID "97653"]

1. c4 e5 2. g3 Nf6 3. Bg2 c6 4. d4 e4 5. Nc3 Bb4 6. Qb3 Bxc3+ 7. bxc3 d6 8. Nh3 O-O 9. O-O b6 10. a4 Bf5
11. a5 bxa5 12. Nf4 g5 13. Nh3 h6 14. f3 Nbd7 15. Nf2 exf3 16. Bxf3 Re8 17. Bxc6 Rb8 18. Qa2 Qc8 19. Qxa5 Qxc6 20. Qxf5 Qxc4
21. Rxa7 Rb5 22. Qh3 Re6 23. e4 Kg7 24. Rxd7 Nxd7 25. d5 Rf6 26. Qxd7 Rb3 27. Be3 Qxc3 28. Ba7 Rb4 29. Qc6 Rc4 30. Qa6 Qb3
31. Ra1 Qb2 32. Re1 Rc2 33. Rf1 Kg6 34. Be3 Qc3 35. Ng4 Rxf1+ 36. Qxf1 f6 37. Qf5+ Kg7 38. Bf2 h5 39. Ne3 Rc1+ 40. Kg2 Qe5
41. Qf3 Kg8 42. Qxh5 Qxe4+ 43. Qf3 Qxf3+ 44. Kxf3 Kf7 45. g4 Rc5 46. Bg3 Ke7 47. Ke4 Ke8 48. h4 gxh4 49. Bxh4 Kf7 50. Bg3 Ra5
51. Bxd6 Ra4+ 52. Kf5 Ra5 53. Bb4 Rb5 54. Bc3 Rb3 55. Bd4 Rd3 56. Ke4 Rb3 57. Nf5 Rh3 58. Nd6+ Ke7 59. Nc4 Rg3 60. Kf5 Rf3+
61. Kg6 Rf4 62. Ne3
1-0

[Event "MT-Serial - Step 3, FINAL"]
[Site "SchemingMind.com"]
[Date "2007.03.22"]
[Round "-"]
[White "harmy"]
[Black "Ilang"]
[Result "0-1"]
[WhiteCountry "USA"]
[BlackCountry "HUN"]
[WhiteElo "1921"]
[WhiteRD "81"]
[BlackElo "2209"]
[BlackRD "66"]
[GameID "97655"]

1. d4 d5 2. c4 c6 3. Nf3 Nf6 4. Nc3 e6 5. e3 Nbd7 6. Bd3 dxc4 7. Bxc4 b5 8. Bd3 Bd6 9. e4 e5 10. d5 cxd5
11. exd5 b4 12. Nb5 Bc5 13. d6 O-O 14. Ng5 h6 15. h4 Qb6 16. Bc4 Bxf2+ 17. Kf1 Ba6 18. Qe2 Rac8 19. Nc7 Bxc4 20. Qxc4 Qxd6
21. Kxf2 Rxc7 22. Qe2 hxg5 23. hxg5 Qd4+ 24. Ke1 Ng4 25. Bd2 Rc2
0-1

[Event "MT-Serial - Step 3, FINAL"]
[Site "SchemingMind.com"]
[Date "2007.03.27"]
[Round "-"]
[White "harmy"]
[Black "Chess Tiger"]
[Result "0-1"]
[WhiteCountry "USA"]
[BlackCountry "GER"]
[WhiteElo "1904"]
[WhiteRD "85"]
[BlackElo "2312"]
[BlackRD "65"]
[GameID "97656"]

1. d4 Nf6 2. c4 e6 3. Nc3 Bb4 4. a3 Bxc3+ 5. bxc3 c5 6. e3 d6 7. Bd3 Nc6 8. Ne2 b6 9. e4 Na5 10. Bg5 h6
11. Bh4 g5 12. Bg3 Nh5 13. O-O O-O 14. f4 f5 15. d5 exd5 16. exf5 Bxf5 17. fxg5 Qxg5 18. Bxf5 Rxf5 19. Rxf5 Qxf5 20. Qxd5+ Qxd5
21. cxd5 Re8 22. Kf2 Nc4 23. a4 Nf6 24. Bf4 Kg7 25. Ng3 Nxd5 26. Nf5+ Kg6 27. Nxd6 Rf8
0-1

[Event "MT-Serial - Step 3, FINAL"]
[Site "SchemingMind.com"]
[Date "2007.03.27"]
[Round "-"]
[White "harmy"]
[Black "fer_even"]
[Result "0-1"]
[WhiteCountry "USA"]
[BlackCountry "ARG"]
[WhiteElo "1904"]
[WhiteRD "85"]
[BlackElo "2357"]
[BlackRD "82"]
[GameID "97657"]

1. d4 Nf6 2. c4 e6 3. Nc3 Bb4 4. a3 Bxc3+ 5. bxc3 c5 6. e3 b6 7. Ne2 O-O 8. Ng3 Nc6 9. e4 Ne8 10. Be2 cxd4
11. cxd4 Ba6 12. a4 Na5 13. Ba3 d6 14. e5 Bxc4 15. Ne4 Rc8 16. Bxd6 Bb3 17. Qd2 Bd5 18. Bxf8 Nb3 19. Qf4 Nxa1 20. O-O Nc2
21. Nd6 Nxd6 22. Bxd6 Bc4 23. Bh5 Bxf1 24. Bxf7+ Kh8 25. Kxf1 Qd7 26. d5 Nd4 27. g3 Qb7 28. Qxd4 Qxf7 29. dxe6 Qf3 30. Bc7 Qb7
31. e7 Qxc7 32. Qd6 Qc4+ 33. Kg1 Qxa4 34. f4 h6 35. Qd8+ Qe8 36. Qd6 a5 37. f5 Rc1+ 38. Kf2 Qc8 39. Qd8+ Kh7 40. Qd3 Rc2+
41. Kf1 Rxh2 42. Kg1 Rb2 43. f6+ g6
0-1

[Event "MT-Serial - Step 3, FINAL"]
[Site "SchemingMind.com"]
[Date "2007.03.22"]
[Round "-"]
[White "harmy"]
[Black "chesshub"]
[Result "0-1"]
[WhiteCountry "USA"]
[BlackCountry "FRA"]
[WhiteElo "1904"]
[WhiteRD "85"]
[BlackElo "2349"]
[BlackRD "71"]
[GameID "97658"]

1. d4 Nf6 2. c4 e6 3. Nc3 Bb4 4. a3 Bxc3+ 5. bxc3 c5 6. e3 Nc6 7. Bd3 O-O 8. Ne2 b6 9. e4 Ne8 10. Bf4 d6
11. d5 Ne5 12. Bxe5 dxe5 13. Ng3 f5 14. Qh5 Nd6 15. O-O g6 16. Qe2 f4 17. Nh1 f3 18. Qe3 fxg2 19. Kxg2 Rf4 20. Ng3 Qh4
21. Rfe1 exd5 22. exd5 Bg4 23. Qxe5 Raf8 24. Ra2 Nf7 25. Qe7 Ng5 26. Re3 Bh3+ 27. Kh1 Qg4 28. Be2 Bg2+ 29. Kg1 Nh3+ 30. Kxg2 Rxf2+
31. Kh1 Rf1+ 32. Bxf1 Rxf1+
0-1

[Event "MT-Serial - Step 3, FINAL"]
[Site "SchemingMind.com"]
[Date "2007.03.22"]
[Round "-"]
[White "Ilang"]
[Black "harmy"]
[Result "1-0"]
[WhiteCountry "HUN"]
[BlackCountry "USA"]
[WhiteElo "2209"]
[WhiteRD "66"]
[BlackElo "1921"]
[BlackRD "81"]
[GameID "97659"]

1. e4 e5 2. Nf3 Nc6 3. Bb5 a6 4. Ba4 Nf6 5. O-O Nxe4 6. d4 b5 7. Bb3 d5 8. dxe5 Be6 9. Nbd2 Be7 10. Nxe4 dxe4
11. Bxe6 fxe6 12. Ng5 Qd5 13. Qh5+ g6 14. Qh6 Qxe5 15. c3 Qf5 16. a4 Ne5 17. axb5 Ng4 18. Qg7 Rf8 19. Nh3 Bd6 20. Bg5 e3
21. f4 Rf7 22. Qh8+ Bf8 23. bxa6 Rg7 24. Bh4 Nh6 25. Ng5 Nf7 26. Nxf7 Kxf7 27. Rfd1 e5 28. fxe5 e2 29. Rd4 Rxa6 30. e6+ Rxe6
31. Rd7+ Be7 32. Rxe7+ Rxe7 33. Bxe7 Qd3 34. Kf2 g5 35. Qf8+
1-0

[Event "MT-Serial - Step 3, FINAL"]
[Site "SchemingMind.com"]
[Date "2007.03.27"]
[Round "-"]
[White "Chess Tiger"]
[Black "harmy"]
[Result "1-0"]
[WhiteCountry "GER"]
[BlackCountry "USA"]
[WhiteElo "2312"]
[WhiteRD "65"]
[BlackElo "1904"]
[BlackRD "85"]
[GameID "97660"]

1. e4 e5 2. Nf3 Nc6 3. Bb5 a6 4. Ba4 Nf6 5. O-O Nxe4 6. d4 b5 7. Bb3 d5 8. dxe5 Be6 9. Nbd2 Nc5 10. c3 d4
11. Bxe6 Nxe6 12. cxd4 Ncxd4 13. a4 Be7 14. Nxd4 Nxd4 15. Ne4 Ne6 16. Be3 O-O 17. f4 h6 18. f5 Ng5 19. Nc3 Bb4 20. Nd5 Ba5
21. f6 Re8 22. Ne7+ Rxe7 23. Qxd8+ Rxd8 24. fxe7
1-0

[Event "MT-Serial - Step 3, FINAL"]
[Site "SchemingMind.com"]
[Date "2007.03.27"]
[Round "-"]
[White "fer_even"]
[Black "harmy"]
[Result "1-0"]
[WhiteCountry "ARG"]
[BlackCountry "USA"]
[WhiteElo "2340"]
[WhiteRD "88"]
[BlackElo "1918"]
[BlackRD "82"]
[GameID "97661"]

1. d4 d5 2. c4 c6 3. Nf3 Nf6 4. e3 e6 5. Nc3 Nbd7 6. Qc2 Bd6 7. b3 O-O 8. Be2 Re8 9. O-O e5 10. cxd5 Nxd5
11. Nxd5 cxd5 12. dxe5 Nxe5 13. Bb2 Re6 14. Rfd1 Nxf3+ 15. Bxf3 Rh6 16. g3 Be6 17. Bxd5 Qe7 18. Rac1 Bg4 19. Rd4 Bh3 20. Qe4 Qg5
21. Bxf7+ Kh8 22. Qxb7 Rd8 23. Rcd1 Bg4 24. Rd5
1-0

[Event "MT-Serial - Step 3, FINAL"]
[Site "SchemingMind.com"]
[Date "2007.03.22"]
[Round "-"]
[White "chesshub"]
[Black "harmy"]
[Result "1-0"]
[WhiteCountry "FRA"]
[BlackCountry "USA"]
[WhiteElo "2359"]
[WhiteRD "73"]
[BlackElo "1918"]
[BlackRD "82"]
[GameID "97662"]

1. c4 c6 2. e4 d5 3. exd5 cxd5 4. cxd5 Nf6 5. Nc3 Nxd5 6. Nf3 Nc6 7. d4 Bg4 8. Qb3 Nb6 9. Be3 Bxf3 10. gxf3 Nxd4
11. Bxd4 Qxd4 12. Bb5+ Nd7 13. O-O
1-0

[Event "MT-Serial - Step 3, FINAL"]
[Site "SchemingMind.com"]
[Date "2007.03.27"]
[Round "-"]
[White "C. H. O'D. Schlechter"]
[Black "Ilang"]
[Result "1-0"]
[WhiteCountry "USA"]
[BlackCountry "HUN"]
[WhiteElo "2371"]
[WhiteRD "65"]
[BlackElo "2210"]
[BlackRD "71"]
[GameID "97669"]

1. e4 e5 2. Nf3 Nc6 3. Bb5 a6 4. Ba4 Nf6 5. Qe2 d6 6. c3 Be7 7. d4 b5 8. Bc2 exd4 9. Nxd4 Bb7 10. Nf5 O-O
11. Bg5 Re8 12. Nd2 Bf8 13. f4 Bc8 14. Ne3 Be7 15. O-O h6 16. Bxf6 Bxf6 17. Rad1 Bd7 18. e5 Be7 19. Qd3 g6 20. Bb3 Kg7
21. Qd5 Rf8 22. Ne4 f5 23. exd6 cxd6 24. Nxd6 Qb6 25. Kh1 Ra7 26. Rfe1 Bf6 27. Qf3 Nd4 28. Qf2 Qxd6 29. Nd5 Re8 30. Nxf6 Qxf6
31. cxd4 Re4 32. Bd5 Rxe1+ 33. Rxe1 Rc7 34. Qd2 Qd6 35. Bb3 a5 36. Qxa5 Qxf4 37. Qa8 Bc8 38. Qd5 h5 39. Qg8+ Kh6 40. Bf7 Rc6
41. d5 Qb4 42. Qh8+ Kg5 43. Qe5 Rf6 44. Be6 Rf8 45. Qe3+ f4 46. Qe5+ Kh6 47. Bxc8 Rxc8 48. h4 Kh7 49. a3 Qf8 50. Qg5 Rc7
51. Re6 Qf5 52. Re7+ Rxe7 53. Qxe7+ Kg8 54. d6 Qf7 55. Qd8+ Qf8 56. Qxf8+ Kxf8 57. Kg1 Kf7 58. Kf2
1-0

[Event "MT-Serial - Step 3, FINAL"]
[Site "SchemingMind.com"]
[Date "2007.03.27"]
[Round "-"]
[White "C. H. O'D. Schlechter"]
[Black "Chess Tiger"]
[Result "1-0"]
[WhiteCountry "USA"]
[BlackCountry "GER"]
[WhiteElo "2349"]
[WhiteRD "63"]
[BlackElo "2339"]
[BlackRD "66"]
[GameID "97670"]

1. d4 d5 2. c4 c6 3. Nc3 Nf6 4. e3 e6 5. Nf3 Nbd7 6. Qc2 Bd6 7. g4 dxc4 8. Bxc4 e5 9. g5 Nd5 10. Ne4 Bc7
11. Bd2 exd4 12. Nxd4 Ne5 13. O-O-O O-O 14. Be2 Ba5 15. Bxa5 Qxa5 16. a3 Re8 17. h4 Bg4 18. Nd6 Bxe2 19. Nxe2 Re7 20. Nf5 Rc7
21. h5 Rb8 22. e4 Ne7 23. Ned4 Nxf5 24. Nxf5 Nf3 25. Qd3 Qc5+ 26. Kb1
1-0

[Event "MT-Serial - Step 3, FINAL"]
[Site "SchemingMind.com"]
[Date "2007.03.27"]
[Round "-"]
[White "C. H. O'D. Schlechter"]
[Black "fer_even"]
[Result "1/2-1/2"]
[WhiteCountry "USA"]
[BlackCountry "ARG"]
[WhiteElo "2371"]
[WhiteRD "65"]
[BlackElo "2393"]
[BlackRD "80"]
[GameID "97671"]

1. f4 d5 2. Nf3 g6 3. e3 Bg7 4. Be2 Nf6 5. O-O O-O 6. d3 c5 7. Nc3 d4 8. Ne4 Nxe4 9. dxe4 Qb6 10. exd4 cxd4
11. Bd3 Na6 12. b3 Nb4 13. Ba3 Rd8 14. Qd2 a5 15. Qf2 Bg4 16. e5 Bxf3 17. Qxf3 e6 18. Rf2 Bf8 19. Bxb4 axb4 20. g4 Qc7
21. h4 Bg7 22. h5 Rd7 23. Qh3 Re7 24. Qh4 Qd8 25. Rh2 Rc7 26. Qe1 Qe7 27. hxg6 hxg6 28. Qf2=
1/2-1/2

[Event "MT-Serial - Step 3, FINAL"]
[Site "SchemingMind.com"]
[Date "2007.03.27"]
[Round "-"]
[White "C. H. O'D. Schlechter"]
[Black "chesshub"]
[Result "1/2-1/2"]
[WhiteCountry "USA"]
[BlackCountry "FRA"]
[WhiteElo "2371"]
[WhiteRD "65"]
[BlackElo "2345"]
[BlackRD "72"]
[GameID "97672"]

1. e4 e5 2. Nf3 Nf6 3. Nxe5 d6 4. Nf3 Nxe4 5. c4 Be7 6. d4 O-O 7. Bd3 Ng5 8. Nxg5 Bxg5 9. Qh5 Re8+ 10. Kd1 h6
11. Bxg5 Qxg5 12. Qxg5 hxg5 13. Nc3 Bd7 14. Kd2 Nc6 15. Nd5 Rac8 16. Kc3 Ne7 17. Nxe7+ Rxe7 18. Rae1 Rce8 19. Rxe7 Rxe7 20. b4 a6
21. d5 g4 22. Kd4 c6 23. Rd1 cxd5 24. Kxd5 Re6 25. b5 Rh6 26. a4 a5 27. Rh1=
1/2-1/2

[Event "MT-Serial - Step 3, FINAL"]
[Site "SchemingMind.com"]
[Date "2007.03.27"]
[Round "-"]
[White "C. H. O'D. Schlechter"]
[Black "harmy"]
[Result "1-0"]
[WhiteCountry "USA"]
[BlackCountry "USA"]
[WhiteElo "2335"]
[WhiteRD "68"]
[BlackElo "1918"]
[BlackRD "82"]
[GameID "97673"]

1. e4 e5 2. Nf3 Nc6 3. d4 exd4 4. Nxd4 Nf6 5. Nxc6 bxc6 6. e5 Qe7 7. Qe2 Nd5 8. c4 Ba6 9. Nd2 Nb4 10. Nf3 d5
11. a3 Bxc4 12. Qd1 Bxf1 13. Kxf1 Na6 14. Qa4 Nb8 15. Bg5 Qc5 16. Rc1 Qb6 17. Be3 Qb7 18. Nd4 Be7 19. Nf5 Bf8 20. Qg4 Qxb2
21. Nxg7+ Kd8 22. Bg5+ Be7 23. Bxe7+ Kxe7 24. Re1 Na6 25. e6 Qf6 26. Nf5+
1-0

[Event "MT-Serial - Step 3, FINAL"]
[Site "SchemingMind.com"]
[Date "2007.03.27"]
[Round "-"]
[White "Ilang"]
[Black "C. H. O'D. Schlechter"]
[Result "1/2-1/2"]
[WhiteCountry "HUN"]
[BlackCountry "USA"]
[WhiteElo "2209"]
[WhiteRD "69"]
[BlackElo "2335"]
[BlackRD "68"]
[GameID "97674"]

1. e4 e5 2. Nf3 Nc6 3. Bb5 a6 4. Ba4 Nf6 5. O-O Be7 6. Re1 b5 7. Bb3 O-O 8. c3 d6 9. h3 Na5 10. Bc2 Bb7
11. d4 Nc4 12. Nbd2 Nxd2 13. Bxd2 d5 14. exd5 exd4 15. cxd4 Bxd5 16. Rc1 Bd6 17. Ne5 Re8 18. Bf4 Nd7 19. Qg4 Nf6 20. Qh4 h6
21. Qg3 Re6 22. Bd2=
1/2-1/2

[Event "MT-Serial - Step 3, FINAL"]
[Site "SchemingMind.com"]
[Date "2007.03.27"]
[Round "-"]
[White "Chess Tiger"]
[Black "C. H. O'D. Schlechter"]
[Result "1/2-1/2"]
[WhiteCountry "GER"]
[BlackCountry "USA"]
[WhiteElo "2339"]
[WhiteRD "66"]
[BlackElo "2349"]
[BlackRD "63"]
[GameID "97675"]

1. d4 d5 2. c4 dxc4 3. Nf3 Nf6 4. Nc3 a6 5. e4 b5 6. e5 Nd5 7. a4 Nxc3 8. bxc3 Qd5 9. g3 Bb7 10. Bg2 Qd7
11. Ba3 g6 12. O-O Bg7 13. Re1 O-O 14. Nh4 Nc6 15. f4 Rfd8 16. Qb1 Na5 17. Bxb7 Nxb7 18. Qe4 c5 19. Nf3 Rac8 20. Rad1 e6
21. dxc5 Qxd1 22. Rxd1 Rxd1+ 23. Kg2 Nxc5 24. Bxc5 Rxc5 25. Qa8+ Bf8 26. Qxa6 b4 27. Ng5 Rc7 28. Ne4 b3 29. Nf6+ Kg7 30. Ne8+ Kh6
31. g4 g5 32. Qa8 Rcd7 33. Nf6 R7d2+ 34. Kf3 Rd3+=
1/2-1/2

[Event "MT-Serial - Step 3, FINAL"]
[Site "SchemingMind.com"]
[Date "2007.03.27"]
[Round "-"]
[White "fer_even"]
[Black "C. H. O'D. Schlechter"]
[Result "1/2-1/2"]
[WhiteCountry "ARG"]
[BlackCountry "USA"]
[WhiteElo "2357"]
[WhiteRD "82"]
[BlackElo "2365"]
[BlackRD "65"]
[GameID "97676"]

1. d4 d5 2. c4 e6 3. Nc3 c5 4. cxd5 exd5 5. Nf3 Nc6 6. g3 Nf6 7. Bg2 Be7 8. O-O O-O 9. Bg5 cxd4 10. Nxd4 h6
11. Be3 Re8 12. Rc1 Bf8 13. Nxc6 bxc6 14. Na4 Bd7 15. Nc5 Bf5 16. Bd4 Rc8 17. e3 Nd7 18. Qa4 Bxc5 19. Bxc5 Ne5 20. Rc3 Rb8
21. Bd4 Rxb2 22. Rxc6 Rxa2 23. Qxa2 Nxc6 24. Bxd5 Be6 25. Bxe6 Rxe6 26. Bc3=
1/2-1/2

[Event "MT-Serial - Step 3, FINAL"]
[Site "SchemingMind.com"]
[Date "2007.03.27"]
[Round "-"]
[White "chesshub"]
[Black "C. H. O'D. Schlechter"]
[Result "1/2-1/2"]
[WhiteCountry "FRA"]
[BlackCountry "USA"]
[WhiteElo "2314"]
[WhiteRD "72"]
[BlackElo "2369"]
[BlackRD "67"]
[GameID "97677"]

1. c4 e6 2. Nc3 d5 3. d4 c5 4. cxd5 exd5 5. Nf3 Nc6 6. g3 Nf6 7. Bg2 Be7 8. O-O O-O 9. Bg5 cxd4 10. Nxd4 h6
11. Be3 Re8 12. Rc1 Bf8 13. Nxc6 bxc6 14. Bd4 Nh7 15. Na4 Bg4 16. Re1 Qd7 17. Bc5 Ng5 18. Bxf8 Kxf8 19. h4 Nh3+ 20. Kf1 Qe6
21. Bf3 Qf6 22. Kg2 g5 23. hxg5 hxg5 24. Rf1 Bc8 25. e3 Ba6 26. Bg4 Bxf1+ 27. Qxf1 Re4 28. Nc5 Qxf2+ 29. Kxh3 Qxf1+ 30. Rxf1 Rxe3
31. Ne6+ Ke7 32. Nd4 Re4 33. Nxc6+ Kd6 34. Rf6+ Kc7 35. Bd1 a5 36. Kg2 Re6 37. Rxe6 fxe6 38. Nd4 Kd6 39. Nb5+ Ke5 40. Kf2 Rf8+
41. Ke3 Rf1 42. Kd2 Rf2+ 43. Be2 g4 44. a4 Rg2 45. b4 axb4 46. a5 b3 47. a6 b2 48. Na3 Rxg3 49. Nb1 Rh3 50. Bxg4 Rh4
51. Be2 Kd6 52. Kc2 Kc6 53. Nc3 Rb4 54. Kb1 Kb6 55. Nd1 Re4=
1/2-1/2